| 000 | 00594 a2200205 4500 | ||
|---|---|---|---|
| 999 |
_c32027 _d32027 |
||
| 003 | OSt | ||
| 005 | 20260209143236.0 | ||
| 008 | 260209b ||||| |||| 00| 0 eng d | ||
| 020 | _a978-93-6386-644-7 | ||
| 040 | _c. | ||
| 082 |
_a658.8 _bK874 |
||
| 100 |
_96559 _aKotler, Philip |
||
| 245 |
_aMarketing 6.0 : the future is immersive / _cPhilip Kotler, Hermawan Kartajaya, Iwan Setiawan. |
||
| 260 |
_bWiley India pvt ltd, _aNew Delhi : _c2024. |
||
| 300 | _a247 p. | ||
| 650 | 0 |
_92559 _aMarketing |
|
| 700 |
_96560 _aKartajaya, Hermawan |
||
| 700 |
_96561 _aSetiawan, Iwan |
||
| 942 |
_2ddc _cBK |
||